[Event "58. BEM 2004"]
[Site "Dortmund"]
[Date "2004.03.19"]
[Round "9.18"]
[White "Rogner, Wolfgang"]
[Black "Iwannek, Ralf"]
[Result "0-1"]
[WhiteElo "1558"]
[BlackElo "1771"]
[Annotator "Fritz 7 (15s)"]
[PlyCount "122"]
[EventDate "2004.??.??"]
[Source "SG Dortmund"]
[SourceDate "2004.12.16"]

{D00: 1 d4 d5: Unusual lines
} 1. d4 d5 2. e4 dxe4 3. Nc3 Nf6 4. Bg5 Nbd7 5.
Nge2 (5. Bc4 g6 6. f3 e3 7. Bxe3 c6 8. Bb3 Nb6 9. Ne4 Nbd5 10. Bg5 Bg7 11. Qd2
h6 12. Nxf6+ exf6 13. Bh4 O-O 14. Ne2 a5 15. a4 Be6 16. O-O Qb6 17. Bf2 Rfd8
18. Rab1 f5 19. Rfd1 Rd7 {Mohr,G-Gerber,R/Aosta 1988/TD/1-0 (41)}) 5... h6 6.
Bh4 $146 (6. Bxf6 Nxf6 7. Ng3 e6 8. Ncxe4 Be7 9. Bd3 O-O 10. c3 b6 11. Nxf6+
Bxf6 12. Qf3 Rb8 13. Nh5 Bb7 14. Nxf6+ Qxf6 15. Qxf6 gxf6 16. O-O Kh8 17. f4
Rg8 18. Rf2 f5 19. Re1 Kg7 20. Re5 Kf6 21. b4 Rg7 22. Re3 Rbg8 23. Bf1 Be4 24.
Rb2 Rg4 25. Rh3 Rxf4 26. Rxh6+ Ke7 27. Rf2 Rfg4 28. Re2 Bd3 29. Rf2 Be4 {
1/2-1/2 Mayer,J-Leisering,E/Poysdorf 1994/EXT 2002 (29)}) (6. Bf4 e6 7. a3 (7.
Ng3 Nd5 8. Bd2 Nxc3 9. Bxc3 Qh4 10. d5 e3 11. fxe3 Bd6 12. dxe6 Bxg3+ 13. hxg3
Qxg3+ 14. Kd2 fxe6 15. Qh5+ g6 16. Qf3 Qxf3 17. gxf3 Rh7 18. Bd3 Nf8 19. Rag1
Bd7 20. Bxg6+ Nxg6 21. Rxg6 O-O-O 22. Rgxh6 {
1/2-1/2 Blasco Marques,S-Benavent,E/Pref 1992/EXT 98 (22)}) 7... Bd6 8. Qd2 Nb6
9. Ng3 Bxf4 10. Qxf4 Nbd5 11. Qd2 Nxc3 12. Qxc3 O-O 13. Qe3 Qd5 14. Be2 e5 15.
Rd1 Re8 16. O-O exd4 17. Rxd4 Qe5 18. Re1 b6 19. Bd3 Bb7 20. Nxe4 Bxe4 {
Goldenberg,D-Lou Meng/Edmonton 1997/EXT 99/1/2-1/2 (64)}) 6... b6 7. Bxf6 Nxf6
8. Ng3 e6 {Ueberdeckt d5+f5} 9. Ncxe4 Nxe4 10. Nxe4 Be7 11. Bb5+ Bd7 12. Bxd7+
Qxd7 13. O-O O-O 14. c3 {Verhindert das Eindringen auf b4} 14... Qc6 15. Re1
Rad8 16. Qf3 Kh8 17. Nd2 Qd7 18. Nc4 Bd6 19. Ne5 Bxe5 20. Rxe5 f6 21. Re3 c6
22. h3 Rf7 23. Rd1 e5 24. Ree1 Qc7 25. dxe5 Rxd1 26. Qxd1 fxe5 27. Qe2 Re7 28.
Qe4 Qd7 29. Qf3 (29. f4 $5 $16) 29... Rf7 30. Qg4 Qd2 31. Qe2 Qf4 32. f3 Re7
33. Qe4 Qxe4 34. Rxe4 g5 35. Kf2 Kg7 36. b4 Kf6 37. a4 Rd7 38. Ke2 Rd5 39. g4 (
39. Rc4 $5 c5 40. bxc5 bxc5 41. a5 $14) 39... Ke6 $15 40. Re3 a6 41. Rd3 a5 42.
Ke3 axb4 43. cxb4 c5 44. Rxd5 Kxd5 45. a5 $4 (45. bxc5 $142 {
bringt noch Rettung} 45... Kxc5 46. Ke4 $11) 45... cxb4 $19 46. a6 Kc6 47. Kd3
b5 48. Kc2 Kb6 49. Kb3 Kxa6 50. Kxb4 Kb6 51. Kc3 Kc5 52. Kd3 b4 53. Ke4 Kc4 54.
Kxe5 b3 55. Kf6 b2 56. Kg6 b1=Q+ 57. Kxh6 (57. Kf6 {nuetzt auch nichts mehr}
57... Qa1+ 58. Ke6 Qd1 59. Kf7 Qxf3+ 60. Ke6 Kd4 61. Ke7 Ke5 62. h4 Qb7+ 63.
Kf8 Kf6 64. hxg5+ hxg5 65. Ke8 Qe7#) 57... Qb5 (57... Qc1 58. Kg6 Kd5 59. Kg7
Ke6 60. Kg8 Kf6 61. Kh7 Qc7+ 62. Kh6 Qg7+ 63. Kh5 Qh8#) 58. Kh5 Kd4 (58... Qe8+
59. Kxg5 Kd5 60. Kf6 Qf8+ 61. Kg5 Ke5 62. f4+ Qxf4+ 63. Kg6 Qf6+ 64. Kh7 Qf7+
65. Kh6 Kf6 66. g5+ Kf5 67. h4 Qg6#) 59. h4 (59. f4 {
aendert den Lauf der Dinge nicht} 59... gxf4+ 60. Kg6 Qe8+ 61. Kg7 Ke5 62. Kh6
Qg8 63. h4 Kf6 64. g5+ Kf5 65. h5 Qh8#) 59... gxh4+ 60. Kxh4 Ke3 61. g5 (61. f4
{hilft auch nicht mehr} 61... Kxf4 62. Kh3 Qf1+ 63. Kh2 Kf3 64. g5 Qg2#) 61...
Kf4 (61... Kf4 62. Kh3 Qf1+ 63. Kh2 Kxf3 64. g6 Qg2#) 0-1

[Event "58. BEM 2004"]
[Site "Dortmund"]
[Date "2004.03.19"]
[Round "9.19"]
[White "Ziemek, Gerhard"]
[Black "Ezzat, Tarik"]
[Result "1-0"]
[WhiteElo "1740"]
[BlackElo "1606"]
[Annotator "Fritz 7 (15s)"]
[PlyCount "89"]
[EventDate "2004.??.??"]
[Source "SG Dortmund"]
[SourceDate "2004.12.16"]

{D94: Gruenfeld: 4 Nf3 Bg7 5 e3
} 1. d4 Nf6 2. c4 g6 3. Nc3 d5 4. Nf3 Bg7 5. e3
O-O 6. b4 a6 $146 {Nimmt Einfluss auf b5} (6... a5 7. b5 c5 (7... c6 8. a4 dxc4
9. Bxc4 Nbd7 10. O-O Nb6 11. Be2 Nbd5 12. Nxd5 Nxd5 13. Bb2 Bd7 14. Qb3 Qb6 15.
Ba3 Nb4 16. Bxb4 axb4 17. Qxb4 cxb5 18. Qxe7 Bc6 19. axb5 Rxa1 20. Rxa1 Re8 21.
Qb4 Bd7 22. Qa5 {Bobekov,R-Nash,W/Amsterdam 1954/EXT 2001/1-0 (34)}) 8. bxc6
bxc6 (8... Nxc6 9. Ba3 Nb4 10. Rc1 Bf5 11. Qb3 dxc4 12. Bxc4 Nd3+ 13. Bxd3 Bxd3
14. Nb5 Be4 15. O-O a4 16. Qc4 Nd7 17. Rfd1 Nb6 18. Qe2 Rc8 19. Bc5 Bd5 20. Na7
Ra8 21. Rb1 Nd7 22. e4 Be6 23. Rxb7 {
Makogonov,V-Boleslavsky,I/Tbilisi 1951/EXT 2000/1/2-1/2 (34)}) 9. Ba3 Ba6 10.
Rc1 Nbd7 11. Na4 Re8 12. Be2 Ne4 13. O-O e5 14. cxd5 Bxe2 15. Qxe2 cxd5 16.
Rfd1 exd4 17. Nxd4 Qh4 18. Nf3 Qh5 19. Bb2 Ne5 20. Rc2 Nc4 21. Bxg7 {
Makogonov,V-Novotelnov,N/Baku 1951/EXT 99/1-0 (54)}) (6... Be6 7. c5 Bg4 8. Bb2
Nbd7 9. Be2 c6 10. O-O Qc7 11. Qc2 Rfe8 12. Rad1 Bxf3 13. gxf3 e5 14. dxe5 Nxe5
15. Kg2 Re7 16. Na4 Rae8 17. Bd4 Ned7 18. f4 Ne4 19. Bxg7 Kxg7 20. Qb2+ Kg8 21.
Nc3 Nxc3 22. Qxc3 Re6 23. Bg4 Re4 24. Bf3 R4e6 25. Bg4 Re4 26. Bf3 R4e6 {
1/2-1/2 Bagirov,V-Tukmakov,V/Baku 1977/MCL (26)}) (6... Ne4 7. Nxd5 c6 8. Nf4
e5 9. Ne2 a5 10. Qc2 Bf5 11. Qb3 Na6 12. Nxe5 Nxb4 13. Nf4 Nc5 14. Qc3 Na4 15.
Qb3 Bxe5 {0-1 Defize,A-Pein,M/Lugano 1982/MCL (15)}) 7. Qb3 dxc4 8. Bxc4 b5 9.
Be2 Bb7 10. O-O Nbd7 11. Bb2 Nb6 12. Rac1 Rc8 13. a3 Nbd5 14. Nd1 Ne4 15. Qc2
Ndf6 16. Ne5 Qd6 17. f3 {Deckt g4} 17... Ng5 18. Nf2 Nd7 (18... Nd5 19. Qd2 $14
) 19. Nc6 Nb6 20. Ba1 (20. f4 Ne6 21. Ne4 Qxc6 22. Qxc6 Bxc6 23. Rxc6 Nd8 $16)
20... Kh8 (20... Nd5 21. Nd1 $11) 21. h4 (21. f4 Bxc6 22. Qxc6 Ne6 $16) 21...
Nc4 $2 (21... Ne6 22. Ne4 Qd7 23. Bd3 $14) 22. Bxc4 (22. d5 $142 Bxc6 23. dxc6
(23. hxg5 $6 Qxd5 24. Bxc4 bxc4 $11) (23. Bxc4 $6 Nxf3+ 24. gxf3 Qg3+ 25. Kh1
Bd7 $16) 23... Bxa1 24. Rxa1 $18) 22... Nxf3+ $11 {
Zerstoerung der Bauerndeckung} 23. gxf3 Qg3+ 24. Kh1 Qxf3+ 25. Kh2 (25. Kg1
Qg3+ 26. Kh1 Qf3+ 27. Kg1 Qg3+ 28. Kh1 Qf3+ $11) 25... Bxc6 $4 {
gibt den Vorteil aus der Hand} (25... Qxc6 $142 26. e4 bxc4 27. Qxc4 Qd6+ 28.
e5 Qd7 $17) 26. Nh3 $18 Qxe3 27. Rce1 (27. Bd3 Bb7 28. Ng5 $18) 27... Qh6 $2 (
27... Qxa3 $142 28. Qb3 Qxb3 29. Bxb3 e6 $16) 28. Bxf7 $18 Bd7 29. Qe4 $4 {
danach wendet sich das Blatt} (29. Rxe7 $142 Be8 30. Qg2 Rxf7 31. Rexf7 Bxf7
32. Rxf7 Qxh4 33. Rxc7 $18) 29... Bf6 $4 (29... e5 $142 $5 {
damit waere Schwarz im Spiel geblieben} 30. Rd1 Bf5 31. Rxf5 gxf5 32. Qxf5 Rcd8
$14) 30. Be6 (30. Qxe7 $142 $1 {und Weiss gewinnt} 30... Bxe7 31. d5+ Bf6 32.
Bxf6+ Qg7 33. Bxg7+ Kxg7 34. Re7 Bxh3 35. Kxh3 $18) 30... Bxe6 31. Qxe6 Qxh4 (
31... Rcd8 32. Qe3 Qxe3 33. Rxe3 Be5+ 34. Kg2 (34. Rxe5 $6 Rxf1 35. Bc3 Rc1 $14
) (34. dxe5 $6 Rxf1 35. Bc3 Kg8 $14) 34... Rxf1 35. Kxf1 Bxd4 36. Bxd4+ Rxd4
37. Rxe7 Rxh4 38. Ng5 $16) 32. Re4 Qh6 33. Bb2 Rcd8 34. Rf2 (34. Qxa6 Qd2+ 35.
Rf2 Be5+ 36. Ref4 Bxf4+ 37. Kg2 Qe3 38. Nxf4 Rxf4 39. d5+ e5 40. Rxf4 Qxf4 $19)
34... Rd6 35. Qg4 Rd5 36. Kg2 Qg7 37. Kf1 h5 38. Qf3 Rf5 39. Nf4 Qf7 $4 {
fuehrt zu weiterem Ungemach} (39... Kg8 $142 $16) 40. Nxg6+ $1 $18 {
Beseitigt den Bauernschutz.} 40... Qxg6 {Motiv: Hinlenkung-> g6} 41. Qxf5 Qh6 {
Will h4 spielen} (41... Qxf5 {holt die Kuh nicht vom Eis} 42. Rxf5 Kg7 43. Re6
$18) 42. d5 h4 (42... Qh7 {waere gleichermassen fruchtlos} 43. Qe6 Qg7 44. Qxe7
Bxe7 45. Bxg7+ Kxg7 46. Rxe7+ Kg8 47. Rxf8+ Kxf8 48. Rxc7 $18) 43. Rg4 (43.
Bxf6+ exf6 44. Ref4 Rg8 $18) 43... h3 (43... Bxb2 {aendert nichts mehr} 44.
Qxf8+ Qxf8 45. Rxf8+ Kh7 46. Rxh4+ Kg7 47. Rf3 $18) 44. Bxf6+ (44. Rg6 Qh4 45.
Rh2 Qf4+ 46. Qxf4 Rf7 47. Qh6+ Rh7 48. Qf8#) 44... Rxf6 (44... exf6 {
ist ein letzter Versuch} 45. Kg1 Rg8 46. Rxg8+ Kxg8 $18) 45. Qc8+ (45. Qc8+ Rf8
46. Qxf8+ Qxf8 47. Rxf8+ Kh7 48. Rf3 c5 49. Rxh3#) 1-0

[Event "58. BEM 2004"]
[Site "Dortmund"]
[Date "2004.03.19"]
[Round "9.20"]
[White "Gerlach, André"]
[Black "Orlowski, Wilfried"]
[Result "0-1"]
[WhiteElo "1410"]
[BlackElo "1668"]
[Annotator "Fritz 7 (15s)"]
[PlyCount "66"]
[EventDate "2004.??.??"]
[Source "SG Dortmund"]
[SourceDate "2004.12.16"]

{A65: Modern Benoni: 6 e4
} 1. d4 Nf6 2. c4 e6 3. Nc3 c5 4. d5 exd5 5. cxd5 d6
6. e4 a6 7. g3 $146 (7. f4 Qe7 8. Nf3 Bg4 9. Bd3 (9. Be2 Nbd7 10. O-O Bxf3 11.
Bxf3 O-O-O 12. Qb3 Ne8 13. Bd2 g5 14. e5 gxf4 15. e6 Ne5 16. Bxf4 Bg7 17. Ne4
h6 18. Rae1 Rf8 19. exf7 Rxf7 20. Bh5 Rf8 21. Qg3 Kb8 22. Nxd6 Nxd6 23. Bxe5
Rxf1+ {Flear,G-Giffard,N/Paris 1988/EXT 97/1-0 (41)}) 9... g6 10. O-O Bg7 11.
e5 Bxf3 12. Rxf3 dxe5 13. fxe5 Ng4 14. Qa4+ Qd7 15. e6 Qxa4 16. exf7+ Kf8 17.
Nxa4 Bd4+ 18. Kh1 c4 19. Bc2 b5 20. Nc3 Ra7 21. Bf4 Nd7 22. h3 h5 23. Bd6+ Kg7
24. f8=Q+ Nxf8 25. Rxf8 Rxf8 26. Bxf8+ Kxf8 27. hxg4 hxg4 28. Rf1+ Kg7 29. g3
b4 30. Ne2 Bxb2 31. Nf4 {1-0 Lachmann,H-Hantke,R/Detmold  1958/EXT 2002 (31)})
(7. a4 g6 (7... Qe7 8. Qc2 g6 9. Be2 Bg7 10. Bg5 h6 11. Bh4 Nbd7 12. f4 g5 13.
e5 gxh4 14. exf6 Nxf6 15. Nf3 Ng4 16. Qd2 Ne3 17. Kf2 Ng4+ 18. Kg1 O-O 19. h3
Ne3 20. Bd3 Nf5 21. Re1 Qd8 22. Kh2 {
Reuben,S-Pritchard,D/Castlebar 1969/EXT 99/1-0 (42)}) 8. Bg5 (8. Bd3 Bg7 9. Be3
O-O 10. f3 Nbd7 11. Nge2 Ne5 12. Bc2 Bd7 13. b3 Ne8 14. h3 f5 15. f4 Nf7 16.
exf5 gxf5 17. Rc1 Nc7 18. O-O b5 19. Nb1 Bb2 20. Ng3 Nh8 21. a5 Qf6 22. Nh5 Qf7
23. Qf3 Bxc1 24. Bxc1 Ng6 25. Rd1 Rae8 26. Bb2 Qe7 27. Kf2 Qh4+ {
1/2-1/2 Cassidy,P-Garces,N/Leipzig 1960/EXT 99 (27)}) 8... Bg7 9. f4 Nbd7 10.
Nf3 Qa5 11. Nd2 O-O 12. Be2 Re8 13. O-O Qc7 14. Qc2 Rb8 15. Rae1 h6 16. Bh4 Nh7
17. Bg3 b6 18. Nf3 c4 19. e5 dxe5 20. fxe5 Nxe5 21. Nxe5 Bxe5 22. Qe4 Bf5 23.
Qxc4 Bxg3 24. hxg3 Qxg3 25. d6 Qxd6 26. Qxa6 Qd4+ 27. Kh1 Qh4+ 28. Kg1 Ng5 29.
Qc4 Qg3 30. Qf4 Nh3+ {0-1 Gaerths,C-Fuchs,A/GER 1991/EXT 97 (30)}) 7... b5 8.
Bg2 g6 9. Nge2 Bg7 10. O-O O-O 11. Re1 Re8 12. Nf4 Nbd7 13. h4 Ne5 14. Nh3 (14.
Nd3 $142 $5 $15 {kommt in Betracht}) 14... Bg4 $19 15. f3 Nxf3+ 16. Bxf3 Bxh3
17. Qc2 Bg4 18. Bxg4 Nxg4 19. Bf4 Bd4+ 20. Kg2 h5 21. Ne2 Be5 22. Ng1 Bxf4 23.
gxf4 Qxh4 24. Nf3 Qf6 25. Kg3 Rac8 26. Re2 Qd8 27. Ng5 Qd7 28. f5 $2 (28. Rf1
$142 $19) 28... gxf5 29. Rh1 Nf6 (29... fxe4 $142 {
waere im Gewinnsinne praeziser} 30. Rf1 f5 $19) 30. Kf4 $2 (30. Rf1 Re5 31. Rg2
$19) 30... fxe4 31. Rg2 (31. Rh4 Re5 32. Nxe4 Qf5+ 33. Kg3 Rce8 34. Nxf6+ Qxf6
$19) 31... Nxd5+ 32. Kg3 Ne3 33. Kf2 (33. Kf4 {die letzte Gegenchance} 33...
Nxg2+ 34. Qxg2 Qg4+ 35. Qxg4 hxg4 36. Nxe4 $19) 33... Nxg2 (33... Nxg2 34. Rg1
f6 35. Qb3+ c4 $19) (33... Nxc2 $4 {wird durch Matt widerlegt in 2} 34. Ne6+
Kh8 35. Rxh5#) 0-1

[Event "58. BEM 2004"]
[Site "Dortmund"]
[Date "2004.03.19"]
[Round "9.21"]
[White "Scholtyßek, Norbert"]
[Black "Milonas, Georgios"]
[Result "1-0"]
[WhiteElo "1608"]
[BlackElo "1346"]
[Annotator "Fritz 7 (15s)"]
[PlyCount "93"]
[EventDate "2004.??.??"]
[Source "SG Dortmund"]
[SourceDate "2004.12.16"]

{A01: Nimzowitsch-Larsen Opening
} 1. b3 Nf6 2. Bb2 e6 3. f4 c5 4. Nf3 Nc6 5.
e3 Be7 6. Bb5 O-O $146 (6... Qb6 7. Nc3 a6 8. Bxc6 Qxc6 9. O-O d6 10. Qe2 b5
11. a4 b4 12. Nd1 Bb7 13. d3 a5 14. e4 d5 15. exd5 exd5 16. Ne3 O-O 17. Ne5 Qc7
18. Rae1 Rae8 19. Qf2 d4 20. N3c4 Nd5 21. Bc1 {
Minzer,C-Martinez Rodriguez,P/Alicante 2000/EXT 2002/0-1 (69)}) 7. Bxc6 bxc6 8.
O-O Ba6 9. d3 {Verwehrt dem Gegner c4+e4} 9... Ng4 10. Qe1 Bf6 11. Nc3 d5 {
Schwarz bereitet c4 vor} 12. h3 Nh6 13. Ne5 Rc8 14. Na4 Bxe5 $2 (14... Be7 $142
$14 {sieht noch spielbar aus}) 15. fxe5 $18 ({Nachteilig ist} 15. Bxe5 Qe7 16.
c4 dxc4 17. dxc4 Rcd8 $16) 15... c4 16. Ba3 {
Die Marschroute lautet Lb2-a3-d6-c5} (16. Nc5 Qb6 17. Nd7 Qd8 18. Nxf8 cxd3 $18
) 16... Re8 (16... cxd3 $142 $5 17. Bxf8 d2 18. Qxd2 Bxf1 19. Bxg7 Kxg7 20.
Rxf1 Qg5 $14) 17. Nc5 $18 Qb6 (17... cxd3 $142 18. Nxa6 dxc2 $18) 18. Nxa6 $4 {
und raufte sich die Haare} (18. bxc4 $142 {entschiede die Partie sofort} 18...
dxc4 19. Rb1 $18) 18... Qxa6 $11 19. Bd6 (19. Bc1 $5 {ist zu ueberlegen} 19...
cxb3 20. Qf2 $11) 19... cxd3 $15 20. c3 Nf5 21. Bc5 {
Dort fuehlt sich der weisse Laeufer wohl} 21... Rc7 22. g4 Nh6 23. Rf4 Qa5 24.
Bd6 {Da gehoert der Laeufer hin} 24... Rb7 25. Ra4 Qd8 26. Rd1 Kh8 (26... f6
27. Rxd3 Nf7 28. e4 $17) 27. Qf1 (27. Qg3 Qg5 $15) 27... Qh4 (27... f6 $5 $17)
28. Kg2 Qd8 (28... Qg5 29. e4 $15) 29. Qxd3 Ng8 (29... f5 $5 $15) 30. Rf1 Nh6
31. Raf4 Kg8 32. Kg3 Qa5 33. Qe2 Qxc3 34. Kf3 (34. Kh2 Qa5 $11) 34... c5 35.
Qa6 Rd7 (35... Rb6 $5 36. Qxa7 Rc6 $15) 36. Qc6 $11 Red8 37. Bc7 d4 {
Schwarz hat mehr Raum} 38. Re4 $4 (38. Bxd8 Rxd8 39. Re4 a5 $11) 38... d3 $4 {
danach kann Schwarz alle Traeume begraben} (38... dxe3 39. Rxe3 Rd3 $19) 39.
Bxd8 $11 Rxd8 40. Qc7 Rf8 41. Qd6 f5 (41... Qc2 $142 $5 {ist bedenkenswert} 42.
Kg3 a5 $14) 42. Qxe6+ $16 Kh8 43. Rf4 d2 44. g5 Ng8 45. Rc4 (45. Qd6 $142 Rc8
46. Rd1 $18) 45... Ne7 $4 {verschlechtert die Stellung weiter} (45... Qd3 $142
46. Rd1 f4 47. Rxf4 Rxf4+ 48. Kxf4 Qc2 $16) 46. Qd6 (46. Rxc3 $142 {
ist der schnellste Weg} 46... Ng8 47. Rxc5 $18) 46... d1=Q+ (46... Qa5 {
bietet noch letzte Rettungschancen} 47. Qxe7 Rg8 $18) 47. Rxd1 (47. Rxd1 Qxc4
48. bxc4 $18 (48. Qxe7 $6 {waere hingegen schwach, denn} 48... Qe4+ 49. Kf2
Qh4+ 50. Kg2 Qe4+ 51. Kh2 Qa8 $18)) (47. Qxd1 $6 Qxe5 48. Qd2 Re8 $16) 1-0

[Event "58. BEM 2004"]
[Site "Dortmund"]
[Date "2004.03.19"]
[Round "9.22"]
[White "Rutmann, Ulrich"]
[Black "Schaefer, Ulrich"]
[Result "0-1"]
[WhiteElo "1296"]
[BlackElo "1481"]
[Annotator "Fritz 7 (15s)"]
[PlyCount "46"]
[EventDate "2004.??.??"]
[Source "SG Dortmund"]
[SourceDate "2004.12.16"]

{C42: Petroff Defence: 3 Nxe5 and unusual White 3rd moves
} 1. e4 e5 2. Nf3 Nf6
3. Nxe5 d6 4. Nf3 Nxe4 5. d4 d5 6. h3 Be7 7. Bd3 O-O 8. O-O Nc6 (8... Bf5 9.
Re1 Nc6 10. Nbd2 Nxd2 11. Qxd2 Bxd3 {
1/2-1/2 Weinstein,N-Rogoff,K/Chicago 1974/MCD (11)}) 9. c3 Bf5 $146 (9... Bd6
10. Bxe4 dxe4 11. Ng5 Bf5 12. f3 exf3 13. Nxf3 Qd7 14. Be3 Rfe8 {
1/2-1/2 Halkova,E-Saljova,S/Valtice 1991/TD (14)}) (9... Be6 10. Re1 Nd6 11.
Qc2 h6 12. Bf4 Qd7 13. Ne5 Nxe5 14. dxe5 Nc8 15. Nd2 c5 16. Rad1 Qc6 17. Nf3
Nb6 18. Qc1 d4 19. Bb1 dxc3 20. bxc3 Bd5 21. Qc2 Qg6 22. Qe2 Qe6 23. Qd3 Qg6
24. Qxd5 Nxd5 25. Bxg6 Nxf4 26. Be4 Rfd8 27. Rxd8+ Rxd8 28. Bxb7 Rb8 29. Ba6
Nd5 30. Rc1 Rb2 31. a4 Rb3 32. Rd1 Nxc3 33. Rd7 Kf8 34. Rxa7 g6 35. a5 Rb1+ 36.
Kh2 Ra1 37. Bd3 Nd5 38. Bc4 Nb4 39. a6 Nc6 40. Rc7 Nb4 41. a7 {
1-0 Klink,T-Floessel,S/Baunatal 2001/EXT 2002 (41)}) (9... Bf6 10. Qc2 Re8 11.
Bf4 Bf5 12. Re1 Bg6 13. Na3 a6 14. Re3 Qd7 15. Rae1 Re6 16. Qd1 Rae8 17. Nc2 b5
18. a4 Na5 19. axb5 axb5 20. Nb4 Nc4 21. Bxc4 bxc4 22. Ne5 Bxe5 23. Bxe5 c6 24.
f3 {Rostalski,W-Thomaschke,D/Pinneberg 1998/EXT 99/1-0 (36)}) (9... a6 10. Nbd2
Bf5 11. Qc2 Nxd2 12. Bxd2 Bxd3 13. Qxd3 h6 14. Rae1 Bf6 15. Ne5 Ne7 16. Ng4 Ng6
17. f4 h5 18. Nxf6+ Qxf6 19. f5 Nh8 20. Qf3 Rfe8 21. Qxd5 c6 22. Qd7 Rxe1 23.
Rxe1 Rd8 24. Qe7 Qxe7 25. Rxe7 c5 26. Be3 cxd4 27. Bxd4 Rd5 28. f6 g6 29. Rxb7
a5 30. a4 Rd6 31. Rb6 Rd7 32. Rb5 {
1-0 Mariano,N-Posadas,R/Manila 1997/EXT 98 (32)}) 10. Bb5 Bd6 11. Re1 Qd7 12.
Bxc6 (12. Nh4 Rae8 $11) 12... bxc6 13. Ne5 Bxe5 14. dxe5 Rab8 (14... Nxf2 $5 {
ist vielleicht staerker} 15. Kxf2 Bxb1 16. Rxb1 Qf5+ 17. Bf4 Qxf4+ 18. Kg1 f6
$15) 15. Nd2 $11 Nxd2 16. Qxd2 Rfe8 17. Qd4 Rb7 18. b3 Re6 19. Re3 Rg6 20. Bb2
(20. Kh1 $142 $14 {und Weiss spielt mit}) 20... Bxh3 $17 21. g3 Bf5 22. c4 Rg4
23. Qc3 $4 {vergroessert seine Probleme} (23. Qc5 $142 $17) 23... d4 $19 (23...
d4 24. Rd1 dxc3 25. Rxd7 Bxd7 26. Bxc3 h5 $19) 0-1

[Event "58. BEM 2004"]
[Site "Dortmund"]
[Date "2004.03.19"]
[Round "9.25"]
[White "Gerke, Dieter"]
[Black "Krüger, Inge"]
[Result "1-0"]
[WhiteElo "1484"]
[BlackElo "1335"]
[Annotator "Fritz 7 (15s)"]
[PlyCount "99"]
[EventDate "2004.??.??"]
[Source "SG Dortmund"]
[SourceDate "2004.12.16"]

{A07: Reti Opening: New York and Capablanca Systems
} 1. Nf3 Nf6 2. d3 d5 3. g3
e6 4. Bg2 Be7 5. O-O O-O 6. Nbd2 Nbd7 7. Re1 c6 8. e4 dxe4 9. dxe4 e5 10. Nc4
Re8 $146 (10... Qc7 11. a4 (11. Nh4 b5 12. Ne3 Re8 13. Nef5 Bf8 14. g4 Nc5 15.
g5 Nfd7 16. Re3 Ne6 17. Rh3 g6 18. Nh6+ Bxh6 19. gxh6 Nf4 20. Bxf4 exf4 21. Nf5
Ne5 22. Qd2 Nc4 23. Qd4 Qe5 24. Rd3 Qxd4 25. Nxd4 Nxb2 26. Rb3 Nc4 27. Nxc6 Bb7
28. Rxb5 Bxc6 29. Rc5 Bxe4 30. Rxc4 Bxg2 31. Kxg2 Rac8 32. Rxc8 Rxc8 33. Rb1 f5
34. Rb7 Rxc2 35. Rg7+ Kh8 36. Rxa7 Kg8 37. a4 Ra2 38. a5 Kf8 39. a6 Ra3 40.
Ra8+ Kf7 41. a7 Kf6 42. Rf8+ Kg5 43. a8=Q Rxa8 44. Rxa8 Kxh6 45. Kf3 g5 46. Rg8
Kh5 47. Rg7 Kh6 48. Ra7 Kg6 49. h4 h6 50. hxg5 hxg5 51. Ra6+ Kg7 52. Ke2 g4 53.
Kd3 {1-0 Dominguez Matito,A-Mariscal Olmedo,F/Sevilla 2001/EXT 2002 (53)})
11... b5 12. axb5 cxb5 13. Ncd2 Bb7 14. c3 Rfd8 15. Qe2 a6 16. Rd1 Nc5 17. Ne1
h6 18. f3 Qb6 19. Kh1 Qe6 20. Bf1 Nh5 21. Nc2 Nd3 22. Ne3 Bc5 23. Bg2 g6 24.
Ndf1 Nf2+ 25. Qxf2 Rxd1 26. Qe2 Rd7 27. h4 Nf6 28. Kh2 h5 29. Bh3 Qd6 30. Bxd7
Qxd7 31. Bd2 {1/2-1/2 Costescu,S-Franz,I/Bad Wildbad 1993/EXT 97 (31)}) (10...
Qc7 11. Bd2 $11) 11. Bg5 (11. Nfxe5 $5 Nxe5 12. Nxe5 $14) 11... Qc7 $11 12. c3
{Punkt b4} 12... h6 13. Bxf6 Bxf6 14. Nd6 Re6 15. Nf5 Nf8 16. Qb3 Re8 17. Ne3
Be6 18. Qc2 Rad8 19. Rad1 Qa5 (19... Bxa2 $2 {ist nicht korrekt} 20. b3 Bxb3
21. Qxb3 $18) 20. a3 Qb6 21. c4 Nd7 22. b4 {Weiss plant c5} 22... Qc7 23. c5 a6
24. Nd2 b6 25. Nf5 (25. cxb6 $142 $5 {damit waere Weiss im Spiel geblieben}
25... Nxb6 26. Nb3 $14) 25... bxc5 $17 26. bxc5 Qa5 (26... g6 $5 27. Nd6 Rf8
$17) 27. Nd6 $11 Nxc5 (27... Qxc5 $5 {muss beachtet werden} 28. Qxc5 Nxc5 29.
Nxe8 Rxe8 $11) 28. Nxe8 $14 Rxe8 29. Nc4 Bxc4 30. Qxc4 Be7 31. Re3 g6 32. Rf3
Rf8 33. Bf1 Kg7 34. Qb4 (34. h3 $5 $16) 34... Qxb4 $11 35. axb4 Nxe4 36. Bxa6
Bxb4 37. Rd7 Bc5 (37... Nc5 38. Ra7 e4 39. Re3 $17) 38. Bc4 {Im Brennpunkt: f7}
38... Bxf2+ $4 {danach kann Schwarz alle Traeume begraben} (38... Nd6 $142 {
ist noch spielbar} 39. Ba2 h5 $11) 39. Rxf2 $18 Nxf2 40. Kxf2 h5 (40... Kh8 41.
Re7 (41. Bxf7 Kg7 42. Ke3 Rxf7 $19) 41... f6 42. Bd3 $18) 41. Ke3 c5 42. Ke4
Kf6 43. Rd5 (43. h4 $5 g5 $18) 43... Kg5 44. Rxe5+ ({Nicht} 44. Rxc5 f6 $16)
44... f5+ 45. Kf3 Rc8 46. h4+ Kf6 47. Kf4 Rc7 (47... Rc6 $18) 48. Re6+ Kg7 49.
Kg5 Rc8 (49... Kh7 {holt die Kuh nicht vom Eis} 50. Rxg6 Rg7 51. Rxg7+ Kxg7 52.
Kxh5 $18) 50. Rxg6+ (50. Rxg6+ Kh8 51. Kxh5 $18) 1-0